| 000 | 01097nas a2200337 4500 | ||
|---|---|---|---|
| 001 | BR7800888 | ||
| 003 | BR-BrBNA | ||
| 005 | 20231205083333.0 | ||
| 007 | ta | ||
| 008 | 230509b bl.|||p| |||| 00| 00por d | ||
| 040 |
_aBR-BrBNA _bpor _cBiblioteca Nacional de Agricultura |
||
| 041 | _a(Pt) | ||
| 072 | _aH20 | ||
| 100 | 1 | _aAlbuquerque, F.C. de | |
| 100 | 1 | _aDuarte, M. de L.R. | |
| 245 | 1 | _aPimenta do reino e suas doencas na Regiao Amazonica [Piper nigrum L. podricao do pe, podridao da raiz, queima da folha; mosaico, mancha zonada, podricao do fruto, podridao branca, antracnose, fumagina, Brasil] | |
| 650 | _aDOENCA DE PLANTA | ||
| 650 | _aPIMENTA DO REINO | ||
| 650 | _aAMAZONIA | ||
| 650 | _aPODRIDAO DO PE | ||
| 650 | _aPODRIDAO DA RAIZ | ||
| 650 | _aQUEIMA DA FOLHA | ||
| 650 | _aMOSAICO | ||
| 650 | _aMANCHA ZONADA | ||
| 650 | _aPODRIDAO BRANCA | ||
| 650 | _aANTRACNOSE | ||
| 650 | _aFUMAGINA | ||
| 773 | 0 |
_tCorreio Agricola (Brazil) _xISSN 0100-3909 _g(1977), (no. 2-3) p. 114-119 _wBR7800888 |
|
| 909 |
_a202311 _bLúcia _c55 _dLúcia Elande |
||
| 942 |
_2AGRIS _n0 _cANA |
||
| 999 |
_c98078 _d98078 |
||